LEADER 01137nam a2200241 i 4500 001 000000035018 003 CaOOAMICUS 005 20140306000000.0 008 140306s1942 xx u000 u fre u 013 $a2680 040 $aSeMil$bita 100 1 $aMahieu, Léon <1873-1967>.$0(OLS)http://semarc/name/16169 245 10$aDominique de Flandre (15. siècle) :$bsa métaphysique /$cPar le Chanoine Léon Mahieu Doyen de la Faculté de Théologie de Lille. 260 $aParis :$bLibrairie Philosophique J. Vrin,$c1942. 300 $a384 p. ;$c26 cm. 490 0 $aBibliothèque thomiste ;$v24. 650 4$aDomenico : delle Fiandre .$0(OLS)http://semarc/subject/6180 650 4$aFilosofia medievale - Storia - Sec. 15.$0(OLS)http://semarc/subject/6181 830 0$aBibliothèque thomiste ;$v24.$0(OLS)http://semarc/title/124 850 $aSeMil 852 $aSeMil$W1$xVenegono$y1$m2N VI 174$j1173$B1173$CSeMilBibl$Z2$F1173 $81 996 $6245$aDominique de Flandre (15. siècle) :$bsa métaphysique$9(OLS)http://semarc/title/47665 996 $6260$aParis :$bLibrairie Philosophique J. Vrin$9(OLS)http://semarc/publisher/30022 LEADER 00608nam a2200181 i 4500 001 000000205730 003 CaOOAMICUS 005 20110831000000.0 008 110831s1853 it u000 u ita u 013 $a184468 040 $aSeMil$bita 100 1 $aFusinato, Arnaldo.$0(OLS)http://semarc/name/11258 245 10$aVol. 2. 300 $a217 p. :$briccamente ill. 773 0 $aFusinato, Arnaldo$tPoesie.$dVenezia : Tip. Cecchini, 1853.$g2$w()25397 850 $aSeMil 852 $aSeMil$W1$xVenegono$y1$m1H VII 33 FA$j156224$B156224$CSeMilBibl$Z2$F167581 $8I 996 $6245$aVol. 2$9(OLS)http://semarc/title/13458